Proposals for Commonhold Regulations Consultation (Record no. 73342)

MARC details
000 -LEADER
fixed length control field 00964cam a2200217 4500
001 - CONTROL NUMBER
control field WB3933-10
008 - FIXED-LENGTH DATA ELEMENTS--GENERAL INFORMATION
fixed length control field 030903n2003 000 0 eng u
035 ## - SYSTEM CONTROL NUMBER
System control number (Sirsi) u123483
245 ## - TITLE STATEMENT
Title Proposals for Commonhold Regulations Consultation
260 ## - PUBLICATION, DISTRIBUTION, ETC.
Date of publication, distribution, etc. 2003
490 ## - SERIES STATEMENT
Series statement RICS Westminster News
Volume/sequential designation 1 September 2003 (1)
520 ## - SUMMARY, ETC.
Summary, etc. Department for Constitutional Affairs has published an analysis of responses for the consultation Proposals for Commonhold Regulations. http://www.rics.org/ricscms/bin/show?class=Brief&template=/includes/showbrief.html&id=520&faculty=RICS. Analysis of responses http://www.lcd.gov.uk/consult/common/comholdresp.htm. For more information contact David Melhuish t +44 (0)20 7695 1535 or e [email protected].
590 ## - LOCAL NOTE (RLIN)
Local note WB
650 ## - SUBJECT ADDED ENTRY--TOPICAL TERM
Topical term or geographic name entry element CONSULTATION PROCESS
650 ## - SUBJECT ADDED ENTRY--TOPICAL TERM
Topical term or geographic name entry element DEPARTMENT FOR CONSTITUTIONAL AFFAIRS
650 ## - SUBJECT ADDED ENTRY--TOPICAL TERM
Topical term or geographic name entry element POLICY
650 ## - SUBJECT ADDED ENTRY--TOPICAL TERM
Topical term or geographic name entry element ANALYSIS
650 ## - SUBJECT ADDED ENTRY--TOPICAL TERM
Topical term or geographic name entry element COMMONHOLD
690 ## - LOCAL SUBJECT ADDED ENTRY--TOPICAL TERM (OCLC, RLIN)
Topical term or geographic name as entry element PROPERTY
942 ## - ADDED ENTRY ELEMENTS (KOHA)
Suppress in OPAC 0
Holdings
Withdrawn status Lost status Source of classification or shelving scheme Damaged status Not for loan Home library Current library Shelving location Date acquired Total Checkouts Full call number Barcode Date last seen Copy number Price effective from Koha item type
    Dewey Decimal Classification     London London News article 03/09/2003   WB3933-10 123483-1001 06/08/2019 1 06/08/2019 News article